000 01707cab a2200241 4500
001 ABS47229
008 090401t1992 xxu||||| |||| 00| 0 eng d
035 _a(Sirsi) u61126
041 _aeng
245 _aR v SoS for Transport ex parte Blackett
260 _c1992
350 _a0
490 _aJournal of Planning and Environment Law
_v1992 JPL 1041-1043(2)
520 _aQBD 15 November 1991. A compulsory purchase order was obtained by the SoS on the land in question, which was the site of the Battle of Naseby, for a trunk road. This was challenged by the applicants but was rejected. The SoS gave notice to treat on 24 May 1991 in relation to a plot of the land with reference number NN130824. The cpo was served on the owner of the land on 7 June 1989. The land was sold to the two trustees who are trustees of the Society for the Preservation of the Field of Battle of Naseby sometime in 1989. From September 1990 parcels of land one square foot in dimension and spread all over the area in question were sold to a number of purchasers including the applicant. On 25 October 1991 the SoS issued notices of entry. This was challenged on the grounds that the Notice to Treat on the two trustees was not proper service so far as the applicant was concerned because she was not served with a Notice on 24 May in respect of her square foot of land. The SoS had checked
650 _aBATTLEFIELD SITES
650 _aBATTLE OF NASEBY
650 _aCOMPULSORY PURCHASE ACT 1965 S75
650 _aNOTICE TO TREAT
650 _aPARCELS OF LAND
690 _aENVIRONMENTAL AND LAND CONSULTANCY-PLANNING AND DEVELOPMENT-COMPULSORY PURCHASE AND COMPENSATION
942 _n0
948 _c04/03/1997
999 _c37800
_d37800